000 00579nam a2200205 a 4500
001 BRCA_3683
005 20190320204400.0
008 030909s1993----mx-#---###---#000-0#spa-#
020 _a9686120238
041 _aspa
044 _amx
050 4 _aCJ1896
_b.O76 1993o
100 1 _aOrozco y Berra, Manuel
_d1816-1881
_9539
245 1 0 _aMoneda y acuñación en México
_cManuel Orozco y Berra.
260 _aMéxico
_bBanco de México
_c1993
300 _a181 p.
_c23 cm.
650 1 4 _aNumismática
_zMéxico
_99563
650 1 4 _aMoneda
_xHistoria
_zMéxico
_95751
942 _2lcc
_cB
999 _c3415
_d3415